00740cam a2200241 i 4500001000500000005001700005020001500022020002700037040002300064050002000087082001500107100002000122245007500142260003000217300004100247505000800288520008200296521002000378521002000398650002600418650002200444700003200466127220231123135739.0 a0688004776 a0688004784 (lib. bdg.) aDLCbengcDLCdDLC00aPZ7.C5792bRais00a813.542191 aCleary, Beverly10aRamona Quimby, age 8 /cBeverly Cleary ; illustrated by Alan Tiegreen. aNew York :bMorrow,c1981 a190 pages : bIllustrations ;c20 cm aU  aThe further adventures of the Quimby family as Ramona enters the third grade. a860 bLexile  aU bRaz-Plus  1aFamily lifevFiction. 1aSchoolsvFiction.1 aTiegreen, Alaneillustrator